| 000 | 00575nam a22001937a 4500 | ||
|---|---|---|---|
| 999 |
_c6713 _d6713 |
||
| 003 | AR-CdUCM | ||
| 008 | 190319b ||||| |||| 00| 0 spa d | ||
| 040 |
_aMUNICIPALIDAD PROVINCIAL DEL CUSCO _cBIBLIOTECA MUNICIPAL DEL CUSCO |
||
| 082 |
_a082 / _bM22 |
||
| 100 |
_aManuel, Juan _918895 |
||
| 245 | _aEl conde Lucanor / | ||
| 260 |
_aLima : _bUniverso, _c1972. |
||
| 300 |
_a178 páginas ; _c17 cm. |
||
| 440 |
_aColección autores clásicos _n38 _918896 |
||
| 650 |
_aCuentos infantiles _93927 |
||
| 650 |
_aCuentos españoles _9762 |
||
| 942 |
_2ddc _cLIBROS |
||
| 945 | _aafb | ||